Destiny 2 Exotic Weapons - Statistics

General Stats
  • This quiz has been taken 605 times
  • The average score is 56 of 115
Answer Stats
Answer % Correct
Ace of Spades
78%
Thorn
72%
Whisper of the Worm
72%
Leviathan's Breath
71%
Sunshot
71%
D.A.R.C.I.
68%
Thunderlord
67%
Hard Light
66%
SUROS Regime
66%
The Last Word
65%
Graviton Lance
62%
Riskrunner
62%
Outbreak Perfected
61%
Sweet Business
61%
Gjallarhorn
60%
Trinity Ghoul
60%
Legend of Acrius
59%
Le Monarque
59%
The Huckleberry
59%
The Queenbreaker
59%
Coldheart
58%
Crimson
58%
Wish-Ender
58%
Arbalest
56%
Lumina
56%
The Chaperone
56%
MIDA Multi-Tool
55%
Polaris Lance
55%
Anarchy
54%
Borealis
54%
Dead Man's Tale
54%
Dragon's Breath
54%
Fighting Lion
54%
Hawkmoon
54%
The Lament
54%
Truth
54%
Two-Tailed Fox
54%
Monte Carlo
53%
Tarrabah
53%
No Time to Explain
52%
One Thousand Voices
52%
Sleeper Simulant
52%
The Prospector
52%
Tractor Cannon
52%
Winterbite
52%
Rat King
51%
The Colony
51%
Traveler's Chosen
51%
Vex Mythoclast
51%
Worldline Zero
51%
Cerberus+1
50%
Izanagi's Burden
50%
The Jade Rabbit
50%
Witherhoard
50%
Xenophage
50%
Eriana's Vow
49%
Eyes of Tomorrow
49%
Sturm
49%
Black Talon
48%
Malfeasance
48%
Tommy's Matchbook
48%
Vigilance Wing
48%
Parasite
47%
Quicksilver Storm
47%
Conditional Finality
46%
Duality
46%
Necrochasm
46%
Ager's Scepter
45%
Bad Juju
45%
Divinity
45%
Prometheus Lens
45%
The Navigator
45%
Ticuu's Divination
44%
Devil's Ruin
43%
Telesto
43%
Trespasser
43%
Vexcalibur
43%
Wavesplitter
43%
Wish-Keeper
43%
Bastion
42%
Cloudstrike
42%
The Fourth Horseman
42%
Deathbringer
41%
Lord of Wolves
41%
Merciless
41%
Osteo Striga
41%
Touch of Malice
41%
Collective Obligation
40%
Forerunner
40%
Heartshadow
40%
Revision Zero
40%
Symmetry
40%
The Manticore
40%
The Wardcliff Coil
40%
Grand Overture
39%
Hierarchy of Needs
39%
Final Warning
38%
Heir Apparent
38%
Lorentz Driver
38%
Salvation's Grip
38%
Verglas Curve
38%
Deterministic Chaos
37%
Dead Messenger
36%
Jotunn
36%
Skyburner's Oath
36%
Buried Bloodline
35%
Edge of Concurrence
35%
Edge of Intent
35%
Centrifuse
34%
Ruinous Effigy
34%
Cryosthesia 77K
33%
Wicked Implement
33%
Delicate Tomb
31%
Edge of Action
30%
Ex Diris
28%
No matching quizzes found
Score Distribution
Percent of People with Each Score
Percentile by Number Answered
Your Score History
You have not taken this quiz